[Event "18th Zadar Open A"]
[Site "Zadar CRO"]
[Date "2011.12.14"]
[Round "5.13"]
[White "Kuljasevic,D"]
[Black "Rezan,S"]
[Result "1-0"]
[WhiteElo "2560"]
[BlackElo "2435"]

1.d4 Nf6 2.c4 g6 3.Nf3 Bg7 4.g3 O-O 5.Bg2 d6 6.Nc3 c6 7.O-O Bf5 8.b3 Ne4
9.Bb2 Nxc3 10.Bxc3 Be4 11.e3 d5 12.Qe2 Nd7 13.Rfd1 e6 14.Rac1 f5 15.Bf1 Bxf3
16.Qxf3 Nf6 17.Qe2 g5 18.Bg2 g4 19.b4 h5 20.b5 Ne4 21.Bb4 Rf7 22.bxc6 bxc6
23.cxd5 cxd5 24.Rc6 Rb8 25.Qa6 Rb6 26.Rxb6 Qxb6 27.Qxb6 axb6 28.Rc1 Bf8 29.Bxf8 Rxf8
30.Bxe4 dxe4 31.Rc6 Kf7 32.Rxb6 Ra8 33.Rb2 Ra3 34.Kf1 Kg6 35.Kg2 Kf6 36.h4 gxh3+
37.Kxh3 Kg5 38.Rb6 Rxa2 39.Kg2 Kf6 40.d5 Ke5 41.dxe6 Kf6 42.e7+ Kxe7 43.Rh6 Kf7
44.Rxh5 Kg6 45.Rh4 Kf6 46.Rh6+ Kg5 47.Rh8 Kf6 48.Rf8+ Kg5 49.Rh8 Kf6 50.Rh5 Kg6
51.g4 fxg4 52.Re5 Ra4 53.Kg3 Kf6 54.Re8 Kg5 55.Rg8+ Kf5 56.Rf8+ Kg5 57.Rf4 Rb4
58.Rxg4+ Kf5 59.f3 Ra4 60.Rf4+ Ke5 61.Rh4 Kf5 62.Rf4+ Ke5 63.Kg4 Rc4 64.Kg5 Ra4
65.Rh4 Rb4 66.f4+ Kd5 67.f5 Rb8 68.Rh7 Rb3 69.Kf4 Rb1 70.Rd7+ Kc6 71.Rd4  1-0

[Event "3rd Marcel Duchamp GM 2011"]
[Site "Buenos Aires ARG"]
[Date "2011.12.17"]
[Round "4"]
[White "Rodriguez Vila,A"]
[Black "Meier,Geo"]
[Result "0-1"]
[WhiteElo "2481"]
[BlackElo "2659"]

1.d4 Nf6 2.c4 g6 3.g3 Bg7 4.Bg2 O-O 5.Nf3 d6 6.Nc3 Nc6 7.O-O a6 8.h3 Bd7
9.Be3 Rb8 10.Qc1 b5 11.cxb5 axb5 12.d5 b4 13.dxc6 bxc3 14.b3 Bxc6 15.Bd4 Qc8
16.Bxc3 Qa6 17.Re1 Rfe8 18.Bf1 e5 19.Nd2 Bh6 20.Qc2 Qa8 21.Nc4 Be4 22.Qb2 Bd5
23.Bd2 Bg7 24.Rec1 Nd7 25.Be3 Be6 26.Qd2 d5 27.Nb2 c5 28.Bh6 Bxh6 29.Qxh6 c4
30.Bg2 Qa3 31.bxc4 dxc4 32.Nd1 Qc5 33.Nc3 Nf6 34.Rd1 Red8 35.Rxd8+ Rxd8 36.Qg5 Qe7
37.Ne4 Nd5 38.Qxe5 f6 39.Qd4 f5 40.Nc5 Bf7 41.Na4 Qb4 42.Nb2 c3 43.Nc4 c2
44.Rc1 Rd7 45.a3 Qb1 46.Qb2 Nc3 47.Bf1 Qxb2 48.Nxb2 Bb3 49.e3 Na2 50.Rxc2 Bxc2
51.Bc4+ Kg7 52.Bxa2 Be4 53.f3 Bxf3 54.Kf2 Be4 55.Ke2 Ra7 56.a4 Bc2 57.Bd5 Ra5
58.Bc6 Rc5 59.Bb5 Bb3 60.Kd3 Rc2 61.Nc4 Ra2 62.Nb6 h5 63.Kc3 Bxa4 64.Bxa4 Rg2
65.Nd5 Rxg3 66.Kd3 Rxh3 67.Ke2 h4 68.Bd7 Rh2+ 69.Kf3 Rd2 70.Bc6 g5 71.e4 h3
72.Ne3 f4 73.Nf5+ Kf6 74.Kg4 h2 75.e5+ Kxe5 76.Nh6 Rd5 77.Nf7+ Kd4 78.Nxg5 h1=Q
79.Nf3+ Kc5 80.Bxd5 Kxd5 81.Kxf4 Qh6+  0-1

[Event "TCh-NED Meesterklasse 2011-12"]
[Site "Netherlands NED"]
[Date "2011.12.17"]
[Round "4.7"]
[White "Kabatianski,A"]
[Black "Hausrath,D"]
[Result "1/2-1/2"]
[WhiteElo "2410"]
[BlackElo "2507"]

1.d4 Nf6 2.c4 g6 3.Nf3 Bg7 4.g3 O-O 5.Bg2 d6 6.Nc3 c6 7.O-O Qa5 8.Nd2 Qh5
9.e4 Qxd1 10.Rxd1 Nfd7 11.Nb3 Na6 12.Be3 Nb6 13.Na5 c5 14.Rac1 Bg4 15.f3 Be6
16.dxc5 Nxc5 17.b3 Rfc8  1/2-1/2

[Event "XXII Cajacanarias Christmas"]
[Site "Santa Cruz de Tenerife ESP"]
[Date "2011.12.20"]
[Round "3"]
[White "Perez Martin,N"]
[Black "Henriquez Garcia,D"]
[Result "0-1"]
[WhiteElo "1566"]
[BlackElo "1970"]

1.d4 Nf6 2.Nf3 g6 3.g3 Bg7 4.Bg2 O-O 5.c4 d6 6.Nc3 c5 7.d5 e6 8.O-O exd5
9.cxd5 Na6 10.e4 Nc7 11.a4 b6 12.Nd2 Rb8 13.Nc4 Ba6 14.Qb3 Bxc4 15.Qxc4 a6
16.Re1 b5 17.axb5 axb5 18.Qe2 b4 19.Na4 Re8 20.Qc4 Nfxd5 21.Bd2 Nb6 22.Qb3 Nb5
23.Nxb6 Qxb6 24.Ra2 Nd4 25.Qd5 b3 26.Ra5 Nc2 27.Rb1 Qc7 28.Bf1 Rb4 29.Bc4 Rf8
30.Ra6 Rxc4 31.Qxc4 Nd4 32.Kg2 Qb7 33.f3 Kh8 34.Rxd6 f5 35.Qxc5 Nxf3 36.Bc3 Qxe4
37.Bxg7+ Kxg7 38.Qc3+ Ne5+ 39.Kf2 Kh6 40.Qe3+ Qxe3+ 41.Kxe3 Nc4+  0-1

[Event "3rd Marcel Duchamp GM 2011"]
[Site "Buenos Aires ARG"]
[Date "2011.12.21"]
[Round "8"]
[White "Lemos,D"]
[Black "Flores,Di"]
[Result "1/2-1/2"]
[WhiteElo "2542"]
[BlackElo "2602"]

1.d4 Nf6 2.c4 g6 3.g3 Bg7 4.Bg2 O-O 5.Nf3 d6 6.Nc3 Nc6 7.O-O a6 8.Qd3 b5
9.cxb5 Nb4 10.Qd1 axb5 11.Qb3 c5 12.dxc5 dxc5 13.Ng5 Ra5 14.Be3 h6 15.Nge4 Be6
16.Qd1 Nxe4 17.Nxe4 Qxd1 18.Raxd1 Rxa2 19.Bxc5 Nc6 20.b4 Rxe2 21.Nf6+ Bxf6
22.Bxc6 Bc4 23.Rfe1 Rc8 24.Rxe2 Bxe2 25.Rd2 Bc4 26.Bd5 Kf8 27.Bb7 Rc7 28.Bf3 Kg7
29.Bb6 Rc8 30.Bc5 e6 31.Be2 Bxe2 32.Rxe2 Rc7 33.Rc2 Rd7 34.Ra2 h5 35.Ra8 Rd8
36.Ra7 Rb8 37.h4 g5 38.hxg5 Bxg5 39.Rc7 Kg6 40.Kg2 e5 41.Bd6 f6 42.Rc6 Rd8
43.Bc5 Ra8 44.Rb6 Ra2 45.Rxb5 Kf5 46.Ra5 Rb2 47.Ra3 e4 48.Kh3 Bd2 49.Ra5 Kg6
50.Ra6 Bc3 51.Rb6 Kf5 52.b5 Be5 53.Be3 Rb1 54.Rb7 Rb4  1/2-1/2

[Event "3rd Marcel Duchamp GM 2011"]
[Site "Buenos Aires ARG"]
[Date "2011.12.22"]
[Round "9"]
[White "Meier,Geo"]
[Black "Rodriguez Vila,A"]
[Result "1-0"]
[WhiteElo "2659"]
[BlackElo "2481"]

1.d4 Nf6 2.c4 g6 3.g3 Bg7 4.Bg2 O-O 5.Nf3 d6 6.Nc3 Nc6 7.O-O a6 8.Bf4 Bd7
9.Rc1 b5 10.Nd5 Nxd5 11.cxd5 Nb4 12.Qb3 a5 13.a3 Na6 14.e4 h6 15.e5 f6 16.e6 Be8
17.Bd2 a4 18.Qc2 f5 19.Ne1 Qb8 20.Nd3 Qb6 21.Be3 g5 22.Qc3 Ra7 23.Rfd1 Bh5
24.Rd2 Bf6 25.f4 Kh8 26.Ne5 gxf4 27.gxf4 Rg8 28.Qd3 Rg7 29.Nd7 Qb7 30.Nxf6 exf6
31.Qxf5 Bf3 32.Kf1 Bxg2+ 33.Rxg2 c5 34.dxc6 Qe7 35.d5 Ra8 36.Bd4 Rf8 37.Rcc2  1-0

[Event "28th Travemuender Open"]
[Site "Travemuende GER"]
[Date "2011.12.29"]
[Round "6"]
[White "Sumets,A"]
[Black "Hausrath,D"]
[Result "1/2-1/2"]
[WhiteElo "2569"]
[BlackElo "2506"]

1.d4 Nf6 2.Nf3 g6 3.c4 Bg7 4.g3 O-O 5.Bg2 d6 6.O-O c6 7.Nc3 Qa5 8.h3 Qa6
9.Nd2 Be6 10.d5 cxd5 11.cxd5 Bd7 12.Nb3 Rc8 13.Be3 Ba4 14.Qd2  1/2-1/2

[Event "10th Nantes Open"]
[Site "Nantes FRA"]
[Date "2011.12.30"]
[Round "7.1"]
[White "Le Roux,JP"]
[Black "Kurayan,R"]
[Result "1-0"]
[WhiteElo "2526"]
[BlackElo "2358"]

1.d4 Nf6 2.Nf3 g6 3.c4 Bg7 4.g3 O-O 5.Bg2 d6 6.O-O Nc6 7.Nc3 Bf5 8.b3 Ne4
9.Nd5 g5 10.Bb2 e6 11.Ne3 Bg6 12.Qc1 Ne7 13.Nd2 f5 14.Nxe4 fxe4 15.d5 Nf5
16.Bxg7 Nxg7 17.Qd2 Qe7 18.Rad1 Ne8 19.dxe6 Qxe6 20.Qa5 h6 21.Qb5 Rb8 22.Qa5 Ra8
23.c5 dxc5 24.Qxc5 b6 25.Qc3 Rf7 26.Nc4 Re7 27.f4 exf3 28.exf3 Qf6 29.Qd2 Kh8
30.f4 Rc8 31.Ne3 Bf7 32.fxg5 Qxg5 33.Qd4+ Ng7 34.Nf5 c5 35.Qc3 Rec7 36.h4 Qg6
37.Nd6 Rg8 38.Rf6 Qh5 39.Bf3  1-0

[Event "XLI Rilton Cup 2011-12"]
[Site "Stockholm SWE"]
[Date "2012.01.01"]
[Round "5"]
[White "Brynell,S"]
[Black "Socko,B"]
[Result "1/2-1/2"]
[WhiteElo "2486"]
[BlackElo "2635"]

1.d4 Nf6 2.c4 g6 3.Nf3 Bg7 4.g3 O-O 5.Bg2 d6 6.Nc3 Bg4 7.O-O Nc6 8.d5 Na5
9.Qc2 c5 10.Nd2 a6 11.h3 Bd7 12.b3 b5 13.Bb2 Rb8 14.Rab1 Qc8 15.Kh2 bxc4
16.bxc4 Rb4 17.a3 Rb8 18.Ba1 Qc7 19.e4 Rxb1 20.Rxb1 Rb8 21.Ne2 Rxb1 22.Qxb1 Ne8
23.Bxg7 Nxg7 24.Qb2 e5 25.f4 f6 26.Bf3 Qb7 27.Qxb7 Nxb7 28.Nc3 Na5 29.h4 Ne8
30.Kg2 Nc7 31.Kf2 Na8 32.Ke3 Nb6 33.Kd3 Kg7 34.Nd1 f5 35.Ne3 Kf6 36.Bd1 Nc8
37.Kc3 Ne7 38.Bc2 exf4 39.gxf4 Ng8 40.exf5 gxf5 41.Ndf1 Ne7 42.Ng3 Nb7 43.Kd2 Nd8
44.Ke2 Nf7 45.Bd1 Nh6 46.Kd3 Ng6 47.Ng2 Ng8 48.Ke3 Kf7 49.Bc2 N6e7 50.Kf3 Nf6
51.Ne3 Kg6 52.Kf2 Ne8 53.Kf3 Ng7 54.Kf2 Kf6 55.Kf3 Be8 56.Kf2 Bh5 57.Nxh5+ Nxh5
58.Kf3 Kg6 59.Ba4 Nf6 60.Bc2 Nd7 61.Kg3 Nf6 62.Kf3 Nh5 63.Ba4 Ng7 64.Kg3 Kf6
65.Kf3 Ng6 66.Ng2 Ke7 67.Bc2 Kf7 68.Bd3 Ne7 69.Ne3 Kg6 70.Bc2 Nh5  1/2-1/2

[Event "Cracovia Open A"]
[Site "Krakow POL"]
[Date "2012.01.02"]
[Round "6.7"]
[White "Valli,F"]
[Black "Baryshpolets,A"]
[Result "0-1"]
[WhiteElo "2257"]
[BlackElo "2477"]

1.d4 Nf6 2.c4 g6 3.Nf3 Bg7 4.g3 O-O 5.Bg2 d6 6.O-O Nbd7 7.Nc3 e5 8.e4 c6
9.h3 Qa5 10.Re1 exd4 11.Nxd4 Ne5 12.Bf1 Re8 13.Be3 Be6 14.Nxe6 Rxe6 15.Kg2 Rae8
16.c5 dxc5 17.f4 Rd8 18.Qc2 Ned7 19.Rad1 b5 20.Bf2 b4 21.Na4 Rde8 22.b3 Qc7
23.Bd3 Bf8 24.Re2 h5 25.h4 Bh6 26.Rde1 Bxf4 27.gxf4 Qxf4 28.Bg3 Qg4 29.Re3 Nd5
30.Nxc5 Nxe3+ 31.Rxe3 Nxc5 32.Be2 Rxe4 33.Bxg4 Rxe3 34.Bf3 Rc3 35.Qd1 Ree3
36.Qd8+ Kh7 37.Bf2 Ne6 38.Qd6 Rxf3 39.Be1 Nf4+ 40.Kg1 Rc1  0-1

[Event "24th Staufer-Open"]
[Site "Schwaebisch Gmuend GER"]
[Date "2012.01.02"]
[Round "1"]
[White "Braun,P"]
[Black "Zeller,E"]
[Result "1-0"]
[WhiteElo "2203"]
[BlackElo "1797"]

1.d4 Nf6 2.Nf3 g6 3.c4 Bg7 4.g3 d6 5.Bg2 O-O 6.O-O Nbd7 7.Nc3 c6 8.e4 Qc7
9.h3 e5 10.Be3 Re8 11.Qc2 Nf8 12.Rad1 exd4 13.Nxd4 Ne6 14.Rd2 a6 15.Rfd1 Bf8
16.b3 h6 17.Kh2 c5 18.Nde2 Kh7 19.Nf4 Nxf4 20.Bxf4 Re6 21.Nd5 Nxd5 22.Rxd5 Bd7
23.e5 Bc6 24.exd6 Qb6 25.R5d3 Bxg2 26.Kxg2 Rd8 27.d7 Qc6+ 28.Kh2 Kg8 29.Qd2 Rf6
30.Rd5 b6 31.h4 a5 32.Kg1 Kh7 33.Be5 Re6 34.Qf4 Rxe5 35.Qxf7+ Bg7 36.Rxe5 Qf6
37.Qxf6 Bxf6 38.Re8 Kg7 39.Rd6  1-0

[Event "Northern California International"]
[Site "Fremont USA"]
[Date "2012.01.03"]
[Round "2"]
[White "Margvelashvili,G"]
[Black "De Guzman,R"]
[Result "1-0"]
[WhiteElo "2531"]
[BlackElo "2393"]

1.d4 Nf6 2.c4 g6 3.Nf3 Bg7 4.g3 O-O 5.Bg2 d6 6.O-O c6 7.Nc3 Qa5 8.Nd2 Nbd7
9.e4 c5 10.d5 a6 11.Qc2 Re8 12.a4 e6 13.h3 Rb8 14.Kh2 h5 15.f4 exd5 16.cxd5 Qc7
17.a5 b5 18.axb6 Nxb6 19.b3 Nh7 20.Bb2 f5 21.Rae1 c4 22.Nd1 Bd7 23.Bxg7 Kxg7
24.bxc4 Nf6 25.Qc3 Na4 26.Qa1 Qa5 27.Re2 h4 28.gxh4 Qd8 29.e5 Kh6 30.e6 Nc5
31.Nf3 Nh5 32.Ng5 Qf6 33.Qxf6 Nxf6 34.Nf7+ Kg7 35.Nxd6 Re7 36.Bf3 Rb6 37.Nf7 Rxf7
38.exf7 Rb4 39.Ne3 Kxf7 40.Ra1 Ba4 41.h5 Rb3 42.hxg6+ Kxg6 43.Ng2 Kf7 44.Nh4 Rc3
45.Rae1 Nfe4 46.Bxe4 fxe4 47.Nf5 Bd7 48.Nd6+ Kf8 49.Re3 Rc2+ 50.R1e2 Rc1
51.Ra3  1-0

[Event "XLI Rilton Cup 2011-12"]
[Site "Stockholm SWE"]
[Date "2012.01.03"]
[Round "7"]
[White "Ask,J"]
[Black "Glantz,R"]
[Result "0-1"]
[WhiteElo "2207"]
[BlackElo "2289"]

1.d4 Nf6 2.Nf3 g6 3.c4 Bg7 4.g3 O-O 5.Bg2 d6 6.O-O Nbd7 7.Nc3 e5 8.e4 exd4
9.Nxd4 Re8 10.h3 a6 11.b3 Rb8 12.Bg5 h6 13.Be3 Nc5 14.f3 Bd7 15.Qd2 Kh7 16.g4 Ne6
17.Nde2 Bc6 18.Ng3 b5 19.cxb5 axb5 20.Rac1 b4 21.Nce2 Bb5 22.Rfd1 Nd7 23.f4 Qc8
24.Nd4 Nxd4 25.Bxd4 Bxd4+ 26.Qxd4 Rb6 27.Rd2 c5 28.Qb2 Nf8 29.Rcd1 Qc7 30.Rd5 Ne6
31.Qc1 Qe7 32.e5 dxe5 33.Rxe5 Rd6 34.Rde1 Red8 35.f5 Qh4 36.Ne4 Qxe1+ 37.Qxe1 Rd1
38.Nf6+ Kg7 39.Nd5 Rxe1+ 40.Rxe1 gxf5 41.gxf5 Nd4 42.f6+ Kg6 43.Re5 Bd7 44.h4 Bf5
45.Kh2 Rd6 46.Kg3 Re6 47.h5+ Kg5 48.Rxe6 Bxe6 49.Nf4 Kxf6 50.Nd3 Ne2+ 51.Kh4 Nc3
52.Nxc5 Nxa2 53.Be4 Ke5 54.Bb1 Nc3 55.Bc2 Nd5 56.Bh7 Kd4  0-1

[Event "ch-AUS 2011-12"]
[Site "North Geelong AUS"]
[Date "2012.01.04"]
[Round "8.11"]
[White "Nakauchi,G"]
[Black "Wallis,C"]
[Result "1/2-1/2"]
[WhiteElo "2116"]
[BlackElo "2268"]

1.d4 Nf6 2.c4 g6 3.g3 Bg7 4.Bg2 O-O 5.Nf3 d6 6.O-O Nc6 7.d5 Na5 8.Nfd2 c5
9.a3 Nd7 10.Ra2 b5 11.cxb5 c4 12.b4 cxb3 13.Nxb3 Nxb3 14.Qxb3 a6 15.Bb2 Nc5
16.Qc2 axb5 17.Bxg7 Kxg7 18.Nc3 Qa5 19.Rb1 Bd7 20.Nxb5 Bxb5 21.Qb2+ f6 22.Qxb5 Rfb8
23.Qxb8 Rxb8 24.Rxb8 Qe1+ 25.Bf1 Ne4 26.e3 h5 27.Kg2 h4 28.gxh4 Qd1 29.Be2 Qxd5
30.Rab2 Nc5+ 31.Bf3 Qc4 32.R2b4 Qa2 33.Rb2 Qxa3 34.R2b7 Nxb7 35.Rxb7 Kf8
36.h5 gxh5 37.Bxh5 Qc5 38.Bf3 Qg5+ 39.Kf1 Qh4 40.Kg2 f5 41.h3 Kf7 42.Rc7 Kf6
43.Ra7 e6 44.Ra1 e5 45.Rd1 Ke7 46.Bd5 f4 47.exf4 Qxf4 48.Rd3 e4 49.Rd4 Kf6
50.Bxe4 d5 51.f3 Qg5+ 52.Kf2 Qh4+ 53.Ke2 dxe4 54.Rxe4 Qxh3 55.Kf2 Qh2+ 56.Ke3 Kf5
57.Rg4 Qe5+ 58.Re4 Qc3+ 59.Kf2 Qc1 60.Kg2 Qd1 61.Kf2 Qh1 62.Rg4 Qd1 63.Re4 Qd2+
64.Kf1 Qh2 65.Rg4 Ke5 66.Re4+ Kd5 67.Rg4 Ke6 68.Rg2 Qf4 69.Re2+ Kf5 70.Kg2 Qg5+
71.Kf2 Qh4+ 72.Kg2 Qf4 73.Re4 Qc1 74.Kf2 Qc5+ 75.Kg2 Qa5 76.Kf2 Qa2+ 77.Kf1 Qd2
78.Kg1 Qd1+ 79.Kf2 Qb1 80.Kg2 Qc2+ 81.Kf1 Qh2 82.Rg4 Ke5 83.Ke1 Kf6 84.Kf1 Kf5
85.Ke1 Qh3 86.Kf2 Qh2+ 87.Kf1 Qh3+ 88.Kf2 Qxg4 89.fxg4+ Kxg4  1/2-1/2

[Event "Hastings Masters 2011-12"]
[Site "Hastings ENG"]
[Date "2012.01.05"]
[Round "9.25"]
[White "Radovanovic,J"]
[Black "Helbig,P"]
[Result "1-0"]
[WhiteElo "2309"]
[BlackElo "2128"]

1.Nf3 Nf6 2.d4 g6 3.c4 Bg7 4.g3 O-O 5.Bg2 d6 6.O-O c6 7.Nc3 Qa5 8.e4 e5 9.Re1 Nbd7
10.h3 exd4 11.Nxd4 Ne5 12.Bf1 Re8 13.Nb3 Qc7 14.Be3 Be6 15.Nd2 d5 16.exd5 cxd5
17.Bf4 Nh5 18.cxd5 Bd7 19.Rc1 Nxf4 20.gxf4 Nd3 21.Bxd3 Qxf4 22.Ne2 Qg5+ 23.Ng3 Bd4
24.Nf1 Rxe1 25.Qxe1 Re8 26.Qd2 Qxd5 27.Bc4 Qf3 28.Rc3 Qf6 29.Rd3 Bxh3 30.Rxd4 Qf3
31.Bd5 Re4 32.Bxe4  1-0

[Event "Northern California International"]
[Site "Fremont USA"]
[Date "2012.01.06"]
[Round "7"]
[White "Haessel,D"]
[Black "Vasudeva,Tanuj"]
[Result "0-1"]
[WhiteElo "2190"]
[BlackElo "2100"]

1.Nf3 g6 2.d4 Bg7 3.c4 Nf6 4.g3 d6 5.Bg2 O-O 6.Nc3 Nbd7 7.O-O e5 8.e4 Re8
9.h3 a6 10.Be3 Rb8 11.b3 exd4 12.Nxd4 c5 13.Nde2 b5 14.Qxd6 b4 15.Na4 Nxe4
16.Bxe4 Bxa1 17.Rxa1 Rxe4 18.Nxc5 Rb6 19.Qd3 Qf6 20.Rd1 Nxc5 21.Qd8+ Kg7
22.Bxc5 Qxd8 23.Rxd8 Rc6 24.Bf8+ Kf6 25.Nd4 Rc7 26.Bxb4 Bd7 27.Nc2 Re8 28.Rxe8 Bxe8
29.Ne3 Bc6 30.Bc3+ Ke6 31.f4 Rd7 32.Kf2 Be4 33.Ke2 Bd3+ 34.Kf2 Bb1 35.a3 Rd3
36.Nd5 Ba2  0-1

[Event "TCh-CZE Extraliga 2011-12"]
[Site "Czech Republic CZE"]
[Date "2012.01.07"]
[Round "5.7"]
[White "Vorisek,J"]
[Black "Bernasek,J"]
[Result "0-1"]
[WhiteElo "2238"]
[BlackElo "2464"]

1.d4 Nf6 2.Nf3 g6 3.g3 Bg7 4.Bg2 O-O 5.c4 d6 6.O-O Nc6 7.Nc3 a6 8.b3 Rb8
9.Bb2 b5 10.cxb5 axb5 11.Rc1 b4 12.Na4 Na7 13.Qc2 c6 14.e4 Ba6 15.Rfe1 Bb5
16.Nd2 Nc8 17.Nc4 Ra8 18.a3 Bh6 19.f4 d5 20.Ne5 bxa3 21.Bxa3 dxe4 22.Bb2 Rb8
23.Nc5 Nd6 24.g4 Bxf4 25.Rcd1 Nd5 26.Ned7 Ne3 27.Qf2 Bxh2+ 28.Kh1 Nxg4 29.Qh4 h5
30.Bxe4 Ra8 31.Rd2 Bf4 32.Rg2 Nxe4 33.Rxe4 e5 34.Qh3 Bf1 35.Rxf4 exf4  0-1

[Event "TCh-NED Meesterklasse 2011-12"]
[Site "Netherlands NED"]
[Date "2012.01.07"]
[Round "5.10"]
[White "Heemskerk,W"]
[Black "Houben,Jaap"]
[Result "1-0"]
[WhiteElo "2280"]
[BlackElo "2322"]

1.Nf3 Nf6 2.g3 g6 3.c4 Bg7 4.d4 O-O 5.Bg2 d6 6.O-O Nbd7 7.Nc3 e5 8.e4 exd4
9.Nxd4 Re8 10.Re1 a6 11.h3 Rb8 12.Rb1 Ne5 13.b3 c5 14.Nc2 Nc6 15.a4 Be6 16.Bb2 Qc7
17.Nd5 Bxd5 18.cxd5 Na5 19.Qf3 Nh5 20.Bxg7 Nxg7 21.Qc3 b5 22.Ne3 b4 23.Qd3 Ra8
24.Ng4 Nh5 25.e5 dxe5 26.d6 Rad8 27.dxc7 Rxd3 28.Rxe5 Rc8 29.Rxc5 Nxb3 30.Bb7 Nxc5
31.Bxc8 Rc3 32.Rxb4 Kg7 33.Rb8 Ne4 34.Bb7 Rxc7 35.Bxe4 f5 36.Rb7 Rxb7 37.Bxb7 fxg4
38.hxg4 Nf6 39.g5  1-0

[Event "17th Bosnjaci Open"]
[Site "Bosnjaci CRO"]
[Date "2012.01.08"]
[Round "8.24"]
[White "Kobas,Mihael"]
[Black "Horvat,Z"]
[Result "0-1"]
[WhiteElo "1788"]
[BlackElo "2124"]

1.d4 Nf6 2.c4 g6 3.g3 Bg7 4.Bg2 d6 5.Nf3 O-O 6.Nc3 Nc6 7.O-O Bd7 8.d5 Na5
9.Qd3 c5 10.e4 a6 11.Nd2 Rb8 12.a4 e6 13.Re1 e5 14.Bf1 Ne8 15.Qc2 f5 16.f3 f4
17.g4 h5 18.h3 hxg4 19.hxg4 Nf6 20.Re2 Nh7 21.Rh2 Ng5 22.Nd1 Kf7 23.Qd3 b6
24.Nf2 Qf6 25.Nh3 Rh8 26.Bg2 Rh4 27.Qf1 Rbh8 28.Kf2 Ke7 29.Ke2 Nb7 30.Kd3 Nd8
31.Qh1 Ndf7 32.Ke2 Nxh3  0-1

[Event "37th Seville Open"]
[Site "Seville ESP"]
[Date "2012.01.12"]
[Round "6"]
[White "Razmyslov,A"]
[Black "Morais,V"]
[Result "1-0"]
[WhiteElo "2438"]
[BlackElo "2015"]

1.d4 Nf6 2.Nf3 g6 3.c4 Bg7 4.g3 O-O 5.Bg2 d6 6.O-O Nc6 7.Nc3 e5 8.d5 Ne7
9.e4 h6 10.Ne1 Nd7 11.Nd3 f5 12.f4 Kh7 13.Kh1 a5 14.Be3 b6 15.fxe5 Nxe5 16.Nxe5 Bxe5
17.Qd2 Ng8 18.Nb5 Bd7 19.exf5 Bxf5 20.Nd4 Bxd4 21.Bxd4 Qd7 22.Bc3 Rae8 23.Qd4 Nf6
24.Rae1 h5 25.Rxe8 Qxe8 26.h3 Rf7 27.Qh4 Nd7 28.g4 Bd3 29.Re1 Be2 30.gxh5 gxh5
31.Be4+  1-0

[Event "5th Gora Swietej Anny"]
[Site "Gora Swietej Anny POL"]
[Date "2012.01.13"]
[Round "3.1"]
[White "Malaniuk,V"]
[Black "Piotrowski,P"]
[Result "1-0"]
[WhiteElo "2512"]
[BlackElo "1991"]

1.d4 Nf6 2.Nf3 g6 3.c4 Bg7 4.g3 O-O 5.Bg2 d6 6.O-O c5 7.d5 Na6 8.Nc3 Nc7
9.e4 Rb8 10.a4 e6 11.Re1 exd5 12.cxd5 Bg4 13.Bf4 h6 14.Qc2 g5 15.Bxd6 Qxd6
16.e5 Qd7 17.exf6 Bxf6 18.Ne4 Bg7 19.Nxc5 Qd6 20.Rad1 Nxd5 21.Nxg5 hxg5 22.Rxd5 Qh6
23.Qd2 Rfe8 24.Rxe8+ Rxe8 25.Rd8 Rxd8 26.Qxd8+ Bf8 27.Ne4 Bf5 28.Qxg5+ Qxg5
29.Nxg5 b6 30.Bd5 Bg6 31.f4 Be7 32.Kg2  1-0

[Event "Andranik Margaryan Memorial 2012"]
[Site "Yerevan ARM"]
[Date "2012.01.13"]
[Round "8"]
[White "Bagaturov,G"]
[Black "Petrosian,DG"]
[Result "1-0"]
[WhiteElo "2449"]
[BlackElo "2476"]

1.d4 Nf6 2.c4 g6 3.Nf3 Bg7 4.g3 O-O 5.Bg2 d6 6.Nc3 c5 7.O-O Nc6 8.dxc5 dxc5
9.Be3 Be6 10.Qa4 Nd4 11.Rad1 Bd7 12.Qa3 Nc2 13.Qxc5 b6 14.Qg5 h6 15.Qf4 g5
16.Qe5 Rc8 17.Nd5 Nxd5 18.Qxd5 Nxe3 19.fxe3 Bc6 20.Qxd8 Rcxd8 21.b3 b5 22.Rxd8 Rxd8
23.Rc1 Bxf3 24.Bxf3 b4 25.c5 Bc3 26.Kf2 Rc8 27.c6 e6 28.Rd1 Rc7 29.Rd8+ Kg7
30.Rb8 Kf6 31.Rb7 Rxb7 32.cxb7 Be5 33.Bh5 Ke7 34.e4 f6 35.Kf3 Kd7 36.Kg4 Kc7
37.Bf7 Kxb7 38.Kh5 Kc7 39.Bxe6 Kd6 40.Bf5 Bc3 41.Kxh6 Be1 42.Kh5 Ke5 43.Kg4 Bd2
44.Kh5 Be3 45.Kg6 Bf2 46.Kf7 Be1 47.Ke7 Bf2 48.Kd7 Be1 49.Kc6 Bf2 50.Kb5 Be1
51.Kc5 Bd2 52.h4 gxh4 53.gxh4 Be1 54.h5 Bd2  1-0

[Event "TCh-AUT 2 Ost 2011-12"]
[Site "Vienna AUT"]
[Date "2012.01.14"]
[Round "5"]
[White "Juhasz,Kr"]
[Black "Vlcek,S"]
[Result "1-0"]
[WhiteElo "2357"]
[BlackElo "2330"]

1.d4 Nf6 2.c4 g6 3.Nf3 Bg7 4.g3 O-O 5.Bg2 d6 6.O-O Nbd7 7.Nc3 e5 8.e4 c6
9.h3 a5 10.Be3 a4 11.Qc2 Qa5 12.Rab1 exd4 13.Nxd4 Nc5 14.b4 axb3 15.axb3 Qb4
16.Bd2 Qb6 17.Be3 Qb4 18.Bd2 Qb6 19.Nde2 Re8 20.Be3 Qb4 21.Bd2 Qb6 22.Bf4 Bf8
23.Rfd1 d5 24.Be3 Qb4 25.cxd5 cxd5 26.Rd4 Qa3 27.Nxd5 Nxd5 28.Rxd5 Na6 29.Bd4 Nb4
30.Qd1 Nxd5 31.Ra1 Nc3 32.Rxa3 Nxe2+ 33.Qxe2 Rxa3 34.Qb5 Rd8 35.Qe5 Rxd4
36.Qxd4 Rxb3 37.e5 Rb1+ 38.Kh2 b6 39.Bd5 Rb4 40.Qa1 Rb5 41.Qa2 Kg7 42.Bxf7 Bb7
43.Qa7  1-0

[Event "TCh-AUT 2 Ost 2011-12"]
[Site "Vienna AUT"]
[Date "2012.01.14"]
[Round "5"]
[White "Bachofner,C"]
[Black "Zojer,S"]
[Result "1/2-1/2"]
[WhiteElo "2065"]
[BlackElo "2065"]

1.Nf3 Nf6 2.d4 g6 3.g3 Bg7 4.Bg2 O-O 5.c4 d6 6.Nc3 a6 7.O-O Nc6 8.d5 Na5
9.Qd3 c5 10.dxc6 Nxc6 11.h3 Rb8 12.e4 Nd7 13.Be3 Nde5 14.Nxe5 Nxe5 15.Qe2 Be6
16.Nd5 b5 17.cxb5 axb5 18.b3 Rb7 19.Rac1 Bxd5 20.exd5 Bf6 21.Rc2 b4 22.Rfc1 Qa8
23.h4 Rbb8 24.h5 Qa5 25.Bh6 Rfe8 26.Be4 Qb5 27.Qd1 Qd7 28.f4 Qa7+ 29.Kg2 Nd7
30.hxg6 hxg6 31.Qg4 Bg7 32.Bxg6 fxg6 33.Qxg6 Qd4 34.Bxg7 Qxg7 35.Qe6+ Qf7
36.Qxd7 Qxd5+ 37.Kf2 Kf7 38.Rc7 Rbd8 39.Qc6 Qd2+ 40.Kf3 Qd3+ 41.Kf2 Qd2+
42.Kf3 Qd3+ 43.Kf2  1/2-1/2

[Event "10th Parsvnath Open"]
[Site "New Delhi IND"]
[Date "2012.01.21"]
[Round "9.25"]
[White "Danielsen,Hen"]
[Black "Divyasri,C"]
[Result "1-0"]
[WhiteElo "2536"]
[BlackElo "2160"]

1.d4 Nf6 2.c4 g6 3.Nf3 Bg7 4.g3 O-O 5.Bg2 d6 6.Nc3 Nbd7 7.O-O c5 8.d5 Rb8
9.h3 a6 10.a4 b6 11.e4 Ne8 12.Re1 Nc7 13.Bf1 b5 14.axb5 axb5 15.cxb5 Nb6
16.Bf4 f6 17.Nd2 Bd7 18.Nb3 Nc8 19.Ra5 Rb7 20.Kh2 g5 21.Bc1 Qe8 22.Qe2 Qf7
23.Nd2 f5 24.e5 dxe5 25.Nb3 Be8 26.Nxc5 Rb6 27.Bxg5 h6 28.Bh4 Nd6 29.N5a4 Bxb5
30.Qd2 Rbb8 31.Ra7 Rbc8 32.Bxb5 Ndxb5 33.Nxb5 Nxb5 34.Rxe7 Qg6 35.Re6 Qf7
36.R1xe5 Bxe5 37.Rxe5 Rfe8 38.Rxe8+ Rxe8 39.Nc5 Qg6 40.Ne6 Nd6  1-0

[Event "10th Parsvnath Open"]
[Site "New Delhi IND"]
[Date "2012.01.22"]
[Round "10.2"]
[White "Gomez,Joh"]
[Black "Deepan,C"]
[Result "1-0"]
[WhiteElo "2506"]
[BlackElo "2495"]

1.d4 Nf6 2.c4 g6 3.g3 Bg7 4.Bg2 O-O 5.Nf3 d6 6.O-O c6 7.Nc3 Qa5 8.e4 Qh5
9.Ng5 Qxd1 10.Rxd1 h6 11.Nf3 Nfd7 12.Be3 Na6 13.Rac1 Re8 14.Ne1 e5 15.d5 c5
16.a3 Nc7 17.Nd3 b6 18.b4 Ba6 19.Bh3 Rad8 20.Na4 Bc8 21.f3 f5 22.exf5 Nf6
23.bxc5 bxc5 24.g4 h5 25.g5 Nh7 26.fxg6 Bxh3 27.gxh7+ Kxh7 28.Nf2 Rf8 29.Nxh3 Rxf3
30.Bf2 e4 31.Re1 Rxh3 32.Bg3 Rxg3+ 33.hxg3 Bd4+ 34.Kg2 e3 35.Nc3 Kg6 36.Ne2 Re8
37.Rcd1 Re4 38.Kf3 Rg4 39.Rh1 Be5 40.Nf4+ Kf5 41.Rxh5 Bxf4 42.g6+  1-0

[Event "Gibraltar Open"]
[Site "Caleta ENG"]
[Date "2012.01.25"]
[Round "2.49"]
[White "Houska,Jo"]
[Black "Seps,M"]
[Result "1-0"]
[WhiteElo "2414"]
[BlackElo "2182"]

1.d4 Nf6 2.Nf3 g6 3.c4 Bg7 4.g3 O-O 5.Bg2 d6 6.O-O Nc6 7.Nc3 a6 8.Bf4 Nd7
9.e4 Na5 10.b3 c5 11.Be3 Rb8 12.Rc1 cxd4 13.Nxd4 Nf6 14.h3 Bd7 15.a4 e6 16.Re1 Qe7
17.Re2 Rfc8 18.Rd2 h6 19.Nde2 Bf8 20.c5 dxc5 21.e5 Nd5 22.Bxd5 exd5 23.Nxd5 Qxe5
24.Bf4 Qg7 25.Bxb8 Rxb8 26.Ne7+ Bxe7 27.Rxd7 Qe5 28.Nf4 Bg5 29.Rd5 Qb2 30.Rdxc5 Nc6
31.Qc2 Qf6 32.Nd5 Qe6 33.Rd1 Qxh3 34.Qc3 Qg4 35.Rd3 Re8 36.Rc4 Qf5 37.Rf4 Bxf4
38.Nf6+ Kf8 39.Nxe8 Be5 40.Nd6 Bxc3 41.Nxf5 Be5 42.Nxh6 f5 43.Rd7 Ne7 44.f4 Bb2
45.Rxb7 a5 46.Kg2 Ba3 47.g4 Kg7 48.g5 Kf8 49.Rb8+ Kg7 50.Re8 Bb4 51.Kf3 Ba3
52.Rd8 Bc1 53.Rd1 Ba3 54.Ke2 Kf8 55.Rd8+ Kg7 56.Kd2 Bb4+ 57.Kd3 Ba3 58.Kc4 Bb4
59.Re8 Bd6 60.Kd4  1-0

[Event "11th Marienbad GMA"]
[Site "Marianske Lazne CZE"]
[Date "2012.01.27"]
[Round "8"]
[White "Ivanov,MM"]
[Black "Haddouche,M"]
[Result "1/2-1/2"]
[WhiteElo "2389"]
[BlackElo "2399"]

1.d4 d6 2.Nf3 Nf6 3.c4 g6 4.g3 Bg7 5.Bg2 O-O 6.O-O Nbd7 7.Nc3 e5 8.e4 exd4
9.Nxd4 Re8 10.h3 c6 11.Re1 a5 12.Qc2 Ne5 13.b3 Nfd7 14.Be3 Nc5 15.Rad1 Qe7
16.f4 Ned7 17.Bf2 Nf8 18.Kh2 Bd7 19.a3 h5 20.Nf3 Bc8 21.Bd4 Bxd4 22.Nxd4 h4
23.Qf2 Nfe6 24.Nxe6 Bxe6 25.gxh4 Nxb3 26.h5 Bxc4 27.hxg6 fxg6 28.Qg3 Bf7
29.e5 dxe5 30.Rxe5 Qc7 31.Be4  1/2-1/2

[Event "17th HIT Open A"]
[Site "Nova Gorica SLO"]
[Date "2012.01.27"]
[Round "1"]
[White "Znidaric,Anze"]
[Black "Suc,T"]
[Result "0-1"]
[WhiteElo "1713"]
[BlackElo "2106"]

1.d4 Nf6 2.Nf3 d6 3.c4 g6 4.g3 Bg7 5.Bg2 O-O 6.O-O c6 7.Nc3 a6 8.e4 b5 9.cxb5 axb5
10.Qc2 b4 11.Ne2 Qb6 12.b3 Na6 13.Nd2 d5 14.Bb2 dxe4 15.Nxe4 Nd5 16.Rfc1 Bd7
17.Nc5 Bf5 18.Be4 Bxe4 19.Nxe4 Rac8 20.Nc5 Rfd8 21.Nxa6 Qxa6 22.a4 h5 23.Ra2 Rd6
24.Qc4 Qa8 25.Rc2 h4 26.Nc1 Nc3 27.Bxc3 bxc3 28.Ne2 c5 29.Qxc3 Rcd8 30.Qxc5 h3
31.Nf4 Rxd4 32.Kf1 Qh1+ 33.Ke2 Qe4+  0-1